[Event "Foment Martinenc op-B 24th"]
[Site "Barcelona"]
[Date "2024.05.11"]
[Round "4"]
[White "Vardanyan Asilbekyan, Ani"]
[Black "Roca Llorca, Josep"]
[Result "1-0"]
[WhiteElo "1813"]
[BlackElo "1764"]
[PlyCount "39"]
[EventDate "2024.04.20"]
[EventType "swiss"]
[EventRounds "9"]
[EventCountry "ESP"]
[SourceTitle "CBM 220 Extra"]
[Source "ChessBase"]
[SourceDate "2024.07.31"]
[SourceVersion "1"]
[SourceVersionDate "2024.07.31"]
[SourceQuality "1"]

1. e4 c5 2. Nc3 Nc6 3. Nge2 g6 4. g3 Bg7 5. Bg2 b6 6. d3 Bb7 7. 0-0 d6 8. h3 Qd7 9. Kh2 h5 10. f4 Nh6 11. a4 f5 12. Be3 0-0-0 13. d4 fxe4 14. d5 Nb4 15. a5 Qf5 16. Bxe4 Ng4+ 17. hxg4 hxg4+ 18. Kg2 Rh2+ 19. Kxh2 Qh5+ 20. Kg2 1-0

[Event "Foment Martinenc op-B 24th"]
[Site "Barcelona"]
[Date "2024.04.27"]
[Round "2"]
[White "Camacho Alvarez, Pablo"]
[Black "Roca Llorca, Josep"]
[Result "1/2-1/2"]
[WhiteElo "1876"]
[BlackElo "1764"]
[PlyCount "56"]
[EventDate "2024.04.20"]
[EventType "swiss"]
[EventRounds "9"]
[EventCountry "ESP"]
[SourceTitle "CBM 220 Extra"]
[Source "ChessBase"]
[SourceDate "2024.07.31"]
[SourceVersion "1"]
[SourceVersionDate "2024.07.31"]
[SourceQuality "1"]

1. c4 c5 2. g3 g6 3. Bg2 Bg7 4. Nf3 Nc6 5. 0-0 e6 6. d3 Nge7 7. Nc3 0-0 8. Rb1 d5 9. Na4 dxc4 10. dxc4 b6 11. b3 Bb7 12. Bb2 f6 13. a3 e5 14. Qc2 Qc7 15. e3 e4 16. Nd2 f5 17. Bxg7 Kxg7 18. Qc3+ Qe5 19. b4 Qxc3 20. Nxc3 cxb4 21. axb4 Rad8 22. Nb3 Kf6 23. Ne2 Nxb4 24. Nbd4 Nbc6 25. Rfc1 Rd7 26. c5 bxc5 27. Rxc5 Nxd4 28. Nxd4 Rc8 1/2-1/2

[Event "Foment Martinenc op-B 23rd"]
[Site "Barcelona"]
[Date "2023.04.29"]
[Round "2"]
[White "Roca Llorca, Josep"]
[Black "Argente Cuerda, Jordi"]
[Result "1/2-1/2"]
[WhiteElo "1646"]
[BlackElo "1825"]
[PlyCount "105"]
[EventDate "2023.04.22"]
[EventType "swiss"]
[EventRounds "9"]
[EventCountry "ESP"]
[SourceTitle "EXT 2024"]
[Source "ChessBase"]
[SourceDate "2023.10.10"]
[SourceVersion "1"]
[SourceVersionDate "2023.10.10"]
[SourceQuality "1"]

1. d4 d5 2. c4 e6 3. Nc3 Nf6 4. cxd5 exd5 5. Bg5 Be7 6. e3 c6 7. Bd3 0-0 8. Nf3 Bg4 9. Qb3 Qb6 10. Qc2 h6 11. Bh4 Nbd7 12. Ne5 Rfe8 13. Nxg4 Nxg4 14. Bg3 Ngf6 15. 0-0 Rac8 16. Rfd1 Nh5 17. Bf5 Qd8 18. Be5 g5 19. Qe2 Ng7 20. Bxg7 Kxg7 21. Rac1 Rb8 22. a3 Bd6 23. b4 a6 24. Qf3 Nf6 25. Re1 a5 26. Rb1 axb4 27. axb4 Ra8 28. e4 dxe4 29. Nxe4 Nxe4 30. Bxe4 Qf6 31. b5 Qxf3 32. Bxf3 Rxe1+ 33. Rxe1 cxb5 34. Bxb7 Rb8 35. Bd5 b4 36. Bb3 Ra8 37. f3 Ra3 38. Rb1 Bf4 39. Kf1 Bd2 40. Ke2 Bc3 41. Kd3 Kf6 42. Ke4 Ke7 43. d5 Kd6 44. f4 gxf4 45. Kxf4 Be5+ 46. Kf5 Bxh2 47. Kf6 Ra7 48. Rc1 Be5+ 49. Kf5 Bc3 50. Kg4 Re7 51. Rc2 Re5 52. Kf3 f5 53. Kf4 1/2-1/2

[Event "Foment Martinenc op-B 22nd"]
[Site "Barcelona"]
[Date "2022.05.28"]
[Round "6"]
[White "Lopez Escribano, Ricardo"]
[Black "Roca Llorca, Josep"]
[Result "1-0"]
[WhiteElo "1489"]
[BlackElo "1702"]
[PlyCount "43"]
[EventDate "2022.04.23"]
[EventType "swiss"]
[EventRounds "9"]
[EventCountry "ESP"]
[SourceTitle "EXT 2023"]
[Source "ChessBase"]
[SourceDate "2022.10.05"]
[SourceVersion "1"]
[SourceVersionDate "2022.10.05"]
[SourceQuality "1"]

1. e4 c5 2. c3 Nf6 3. e5 Nd5 4. d4 cxd4 5. Nf3 Nc6 6. Bc4 Nb6 7. Bb3 d6 8. exd6 Qxd6 9. 0-0 g6 10. Na3 Bg7 11. Nb5 Qd7 12. Nbxd4 Nxd4 13. Nxd4 0-0 14. Be3 Nd5 15. Bg5 Nf6 16. Qe2 b6 17. Rad1 Bb7 18. Bxf6 Bxf6 19. Ne6 Qc6 20. Bd5 Qc8 21. Bxb7 Qxb7 22. Nxf8 1-0

[Event "Barcelona Primavera CE op"]
[Site "Barcelona"]
[Date "2021.04.24"]
[Round "1"]
[White "Roca Llorca, Josep"]
[Black "Montemar Mendoza, Armando Eduardo"]
[Result "1-0"]
[WhiteElo "1703"]
[BlackElo "1700"]
[PlyCount "81"]
[EventDate "2021.04.24"]
[EventType "swiss"]
[EventRounds "9"]
[EventCountry "ESP"]
[SourceTitle "EXT 2022"]
[Source "ChessBase"]
[SourceDate "2021.10.06"]
[SourceVersion "1"]
[SourceVersionDate "2021.10.06"]
[SourceQuality "1"]

1. d4 c6 2. c4 d5 3. Nf3 Nf6 4. e3 Bg4 5. h3 Bh5 6. g4 Bg6 7. Ne5 Be4 8. f3 Bxb1 9. Rxb1 e6 10. b4 Nfd7 11. h4 Nxe5 12. dxe5 Nd7 13. f4 Be7 14. g5 Qb6 15. a3 Nc5 16. Bb2 Ne4 17. c5 Qc7 18. Bd3 a5 19. Qf3 axb4 20. axb4 b6 21. Bxe4 dxe4 22. Qxe4 bxc5 23. bxc5 Qa5+ 24. Kf2 Qxc5 25. Rhd1 0-0 26. Rd7 Rfc8 27. Bd4 Ra2+ 28. Kg3 Qc4 29. Rxe7 Qe2 30. Rh1 Qf2+ 31. Kh3 h5 32. gxh6 gxh6 33. Bc5 Rf8 34. Rxe6 Kg7 35. Bxf8+ Kxf8 36. Rxh6 Re2 37. Rh8+ Ke7 38. Qb4+ Ke6 39. Qc4+ Ke7 40. Qc5+ Ke6 41. Qxc6+ 1-0

[Event "Barcelona Ideal Clave op 21st"]
[Site "Barcelona"]
[Date "2017.11.11"]
[Round "6"]
[White "Roca Llorca, Josep"]
[Black "Calderon Gutierrez, Felipe"]
[Result "0-1"]
[WhiteElo "1707"]
[BlackElo "1891"]
[PlyCount "50"]
[EventDate "2017.09.30"]
[EventType "swiss"]
[EventRounds "8"]
[EventCountry "ESP"]
[SourceTitle "CBM 181 Extra"]
[Source "ChessBase"]
[SourceDate "2017.12.12"]
[SourceVersion "1"]
[SourceVersionDate "2017.12.12"]
[SourceQuality "1"]

1. d4 Nf6 2. Nf3 g6 3. Bg5 Bg7 4. Nbd2 0-0 5. c3 d5 6. e3 b6 7. Bd3 c5 8. 0-0 Bb7 9. Re1 Ne4 10. Bf4 Nd7 11. Bxe4 dxe4 12. Ng5 Nf6 13. Qc2 Qd5 14. Be5 cxd4 15. cxd4 Rac8 16. Qb1 h6 17. Bxf6 exf6 18. Nh3 g5 19. Qd1 f5 20. Nb1 Qb5 21. Qd2 Rfd8 22. Nc3 Qd7 23. Kh1 f4 24. exf4 Qxh3 25. d5 Bxc3 0-1

[Event "Barcelona Ideal Clave op 21st"]
[Site "Barcelona"]
[Date "2017.09.30"]
[Round "1"]
[White "Lopez Abaurrea, Eduardo"]
[Black "Roca Llorca, Josep"]
[Result "0-1"]
[WhiteElo "1394"]
[BlackElo "1707"]
[PlyCount "98"]
[EventDate "2017.09.30"]
[EventType "swiss"]
[EventRounds "8"]
[EventCountry "ESP"]
[SourceTitle "CBM 181 Extra"]
[Source "ChessBase"]
[SourceDate "2017.12.12"]
[SourceVersion "1"]
[SourceVersionDate "2017.12.12"]
[SourceQuality "1"]

1. d4 Nf6 2. c4 c5 3. d5 b5 4. e3 bxc4 5. Bxc4 g6 6. Nf3 Bg7 7. Nc3 d6 8. 0-0 0-0 9. e4 Nbd7 10. Re1 Ng4 11. Bf4 Nge5 12. Be2 Rb8 13. Rb1 Nxf3+ 14. Bxf3 Rxb2 15. Bd2 Rxb1 16. Qxb1 Qa5 17. Rc1 Ba6 18. Qc2 Rb8 19. h3 Ne5 20. Be2 Bxe2 21. Nxe2 Qa6 22. Rb1 Rxb1+ 23. Qxb1 Qxe2 24. Qb8+ Bf8 25. Bh6 Nd7 26. Qd8 Qb5 27. Bxf8 Nxf8 28. Qxe7 Qd7 29. Qf6 h5 30. Qf3 Qe7 31. Qd3 Qe5 32. Qb1 Qd4 33. Kf1 c4 34. Ke1 c3 35. Qc2 Nd7 36. Ke2 Ne5 37. f4 Nc4 38. Qd3 Qxd3+ 39. Kxd3 c2 40. Kxc2 Ne3+ 41. Kd2 Nxg2 42. f5 gxf5 43. exf5 Nf4 44. Ke3 Nxh3 45. Kf3 Kg7 46. Kg3 Ng5 47. Kh4 Kh6 48. Kg3 Ne4+ 49. Kf4 Nf6 0-1

[Event "Foment Martinenc op-B 19st"]
[Site "Barcelona"]
[Date "2017.04.22"]
[Round "1.13"]
[White "Moncunill Calvet, Pol"]
[Black "Roca Llorca, Josep"]
[Result "1-0"]
[WhiteElo "1345"]
[BlackElo "1712"]
[PlyCount "57"]
[EventDate "2017.04.22"]
[EventType "swiss"]
[EventRounds "9"]
[EventCountry "ESP"]
[SourceTitle "EXT 2024"]
[Source "ChessBase"]
[SourceDate "2023.10.10"]
[SourceVersion "1"]
[SourceVersionDate "2023.10.10"]
[SourceQuality "1"]

1. e4 c5 2. Nf3 Nc6 3. d4 cxd4 4. Nxd4 g6 5. c4 Bg7 6. Be3 Nf6 7. Nc3 0-0 8. Be2 d6 9. f3 Nxd4 10. Bxd4 Be6 11. 0-0 Nd7 12. b3 Bxd4+ 13. Qxd4 Qb6 14. Qxb6 Nxb6 15. Rfd1 Rfc8 16. Rac1 Nd7 17. Nd5 Bxd5 18. Rxd5 Rc5 19. b4 Rc7 20. Kf2 Rac8 21. Rd2 Ne5 22. Rdc2 b6 23. c5 bxc5 24. Ba6 Rb8 25. bxc5 Rc6 26. cxd6 Rxa6 27. Rc8+ Rxc8 28. Rxc8+ Kg7 29. dxe7 1-0

[Event "Barcelona Ideal Clave op 20th"]
[Site "Barcelona"]
[Date "2016.11.12"]
[Round "7"]
[White "Roca Llorca, Josep"]
[Black "Gonzalez Muelas, Javier"]
[Result "1-0"]
[WhiteElo "1697"]
[BlackElo "1685"]
[PlyCount "69"]
[EventDate "2016.10.01"]
[EventType "swiss"]
[EventRounds "8"]
[EventCountry "ESP"]
[SourceTitle "EXT 2018"]
[Source "ChessBase"]
[SourceDate "2017.10.13"]
[SourceVersion "1"]
[SourceVersionDate "2017.10.13"]
[SourceQuality "1"]

1. d4 d5 2. Bf4 Bf5 3. e3 c6 4. c4 dxc4 5. Bxc4 e6 6. Nc3 Nf6 7. Nf3 Bd6 8. Ne5 Ne4 9. g4 Bxe5 10. Bxe5 Bg6 11. Nxe4 Bxe4 12. f3 Qa5+ 13. Kf2 f6 14. Bxb8 Bxf3 15. Kxf3 Rxb8 16. Bxe6 h5 17. Qc2 hxg4+ 18. Bxg4 f5 19. Bxf5 Rf8 20. Kg4 Kd8 21. Qc5 Rxf5 22. Kxf5 Qd2 23. Qd6+ Kc8 24. Rhf1 Qg2 25. Ke6 Qg6+ 26. Ke7 Qg5+ 27. Kf7 b6 28. Qxc6+ Kd8 29. Qd6+ Kc8 30. Qf8+ Kd7 31. Qxb8 Qd5+ 32. Kf8 Qh5 33. Qxa7+ Kc6 34. Rac1+ Kb5 35. a4+ 1-0

[Event "Barcelona Ideal Clave op 20th"]
[Site "Barcelona"]
[Date "2016.11.05"]
[Round "6"]
[White "Montalban Colell, Bernat"]
[Black "Roca Llorca, Josep"]
[Result "1/2-1/2"]
[WhiteElo "1802"]
[BlackElo "1697"]
[PlyCount "80"]
[EventDate "2016.10.01"]
[EventType "swiss"]
[EventRounds "8"]
[EventCountry "ESP"]
[SourceTitle "EXT 2018"]
[Source "ChessBase"]
[SourceDate "2017.10.13"]
[SourceVersion "1"]
[SourceVersionDate "2017.10.13"]
[SourceQuality "1"]

1. e4 c5 2. Nf3 Nc6 3. d4 cxd4 4. Nxd4 g6 5. c4 Bg7 6. Be3 Nf6 7. Nc3 0-0 8. Be2 d6 9. 0-0 Bd7 10. a3 a5 11. b3 Nxd4 12. Bxd4 Bc6 13. f3 Nd7 14. Bxg7 Kxg7 15. Qd4+ Kg8 16. b4 axb4 17. axb4 Qb6 18. Qxb6 Nxb6 19. Nd5 Bxd5 20. cxd5 Rfc8 21. Rxa8 Rxa8 22. Rc1 Rc8 23. Rxc8+ Nxc8 24. Kf2 Kg7 25. Ke3 g5 26. Bb5 Nb6 27. g3 f6 28. Kd4 Kf8 29. f4 h6 30. fxg5 fxg5 31. e5 Na8 32. Be2 Nc7 33. Ke4 Kg7 34. Bh5 Na6 35. b5 Nc5+ 36. Kf5 b6 37. exd6 exd6 38. h3 Kf8 39. Kg6 Ke7 40. Kf5 Na4 1/2-1/2

[Event "Barcelona Ideal Clave op 20th"]
[Site "Barcelona"]
[Date "2016.10.29"]
[Round "5"]
[White "Roca Llorca, Josep"]
[Black "Martinez Diaz, Francisco Javier"]
[Result "1-0"]
[WhiteElo "1697"]
[BlackElo "1905"]
[PlyCount "59"]
[EventDate "2016.10.01"]
[EventType "swiss"]
[EventRounds "8"]
[EventCountry "ESP"]
[SourceTitle "EXT 2018"]
[Source "ChessBase"]
[SourceDate "2017.10.13"]
[SourceVersion "1"]
[SourceVersionDate "2017.10.13"]
[SourceQuality "1"]

1. d4 e6 2. Nf3 Nf6 3. Bg5 Be7 4. Nbd2 h6 5. Bh4 b6 6. e3 Bb7 7. Bd3 0-0 8. e4 d6 9. 0-0 Nbd7 10. c3 c5 11. Re1 Re8 12. Rc1 Nh7 13. Bg3 Bf8 14. Nc4 Ndf6 15. e5 Nh5 16. Qc2 Ng5 17. Nxg5 hxg5 18. exd6 Nxg3 19. hxg3 cxd4 20. cxd4 Bxd6 21. Nxd6 Qxd6 22. Qc7 Qe7 23. Bb5 Rac8 24. Qxe7 Rxe7 25. Rxc8+ Bxc8 26. d5 a6 27. d6 Ra7 28. Rc1 Bd7 29. Bxd7 Rxd7 30. Rc6 1-0

[Event "Foment Martinenc op-B 16th"]
[Site "Barcelona"]
[Date "2014.05.03"]
[Round "2"]
[White "Brunet Gil, Pol"]
[Black "Roca Llorca, Josep"]
[Result "0-1"]
[WhiteElo "1853"]
[BlackElo "1903"]
[PlyCount "66"]
[EventDate "2014.04.26"]
[EventType "swiss"]
[EventRounds "9"]
[EventCountry "ESP"]
[SourceTitle "EXT 2015"]
[Source "ChessBase"]
[SourceDate "2014.11.20"]
[SourceVersion "1"]
[SourceVersionDate "2014.11.20"]
[SourceQuality "1"]

1. e4 d5 2. exd5 Qxd5 3. Nc3 Qa5 4. d4 Nf6 5. Nf3 Bg4 6. h3 Bxf3 7. Qxf3 c6 8. Bc4 e6 9. 0-0 Be7 10. Ne4 Nxe4 11. Qxe4 Nd7 12. Bf4 Nf6 13. Qd3 0-0 14. Rfe1 Rfd8 15. c3 Bd6 16. Bd2 Qc7 17. Re3 Bf4 18. Rf3 Bxd2 19. Qxd2 Kh8 20. Re1 c5 21. Rd3 cxd4 22. Rxd4 Rxd4 23. Qxd4 Rd8 24. Qh4 Rd2 25. Rb1 Qe5 26. f3 h6 27. a3 Qc5+ 28. Kh1 Qf5 29. Qe1 Qc2 30. Qg1 Nh5 31. Kh2 Nf4 32. Kh1 Rxg2 33. Qf1 Rh2+ 0-1

[Event "Foment Martinenc op-B 15th"]
[Site "Barcelona"]
[Date "2013.05.18"]
[Round "5"]
[White "Roca Llorca, Josep"]
[Black "Flores Linan, Josep Luis"]
[Result "1/2-1/2"]
[WhiteElo "1717"]
[BlackElo "1887"]
[PlyCount "124"]
[EventDate "2013.04.20"]
[EventType "swiss"]
[EventRounds "9"]
[EventCountry "ESP"]
[SourceTitle "CBM 154 Extra"]
[Source "ChessBase"]
[SourceDate "2013.06.25"]
[SourceVersion "2"]
[SourceVersionDate "2013.06.25"]
[SourceQuality "1"]

1. d4 Nf6 2. Nf3 d6 3. g3 g6 4. Bg2 Bg7 5. 0-0 0-0 6. c4 c5 7. Nc3 cxd4 8. Nxd4 Nbd7 9. b3 Nc5 10. Bb2 Rb8 11. Qc2 Bd7 12. e4 a6 13. Rfe1 Ng4 14. Rad1 b5 15. cxb5 axb5 16. b4 Ne6 17. Nxe6 Bxe6 18. Nd5 Qd7 19. Bxg7 Kxg7 20. f4 Bxd5 21. Qb2+ e5 22. exd5 Qa7+ 23. Kf1 Ne3+ 24. Rxe3 Qxe3 25. fxe5 dxe5 26. d6 f6 27. d7 e4 28. Qc2 Rbd8 29. Qc5 Qa3 30. Qe7+ Kh6 31. Qxe4 Qxa2 32. Qh4+ Kg7 33. Qd4 Qe6 34. Qd6 Qxd6 35. Rxd6 Kf7 36. Bc6 Rb8 37. Bxb5 Ke7 38. Rd5 Rfd8 39. Ke2 Rb6 40. Kd3 Rdb8 41. Kc4 Rd6 42. Rxd6 Kxd6 43. Kd4 f5 44. Kc4 g5 45. Kd4 h5 46. Ke3 Rd8 47. Kf3 Kd5 48. h4 gxh4 49. gxh4 Ke5 50. Bc6 Kd6 51. b5 Kc7 52. Kf4 Kd6 53. Kg5 f4 54. Kxh5 f3 55. Bxf3 Kxd7 56. Bc6+ Ke6 57. Kg6 Rg8+ 58. Kh7 Rg4 59. h5 Rg5 60. Kh6 Kf6 61. Bd7 Rg8 62. Kh7 Rg5 1/2-1/2

[Event "Barcelona Ideal Clave op 13th"]
[Site "Barcelona"]
[Date "2007.10.20"]
[Round "3.12"]
[White "Garcia Castellote, Daniel"]
[Black "Roca Llorca, Josep"]
[Result "1/2-1/2"]
[WhiteElo "1916"]
[BlackElo "1872"]
[PlyCount "68"]
[EventDate "2007.09.29"]
[EventType "swiss"]
[EventRounds "8"]
[EventCountry "ESP"]
[SourceTitle "EXT 2024"]
[Source "ChessBase"]
[SourceDate "2023.10.10"]
[SourceVersion "1"]
[SourceVersionDate "2023.10.10"]
[SourceQuality "1"]

1. e4 c5 2. Nf3 d6 3. Bb5+ Bd7 4. Bxd7+ Qxd7 5. 0-0 Nc6 6. c3 Nf6 7. Re1 g6 8. d4 cxd4 9. cxd4 Bg7 10. Nc3 0-0 11. Bf4 Nh5 12. Be3 a6 13. Qe2 b5 14. Rad1 Qb7 15. e5 dxe5 16. dxe5 Nxe5 17. Nxe5 Bxe5 18. Nd5 e6 19. Bc5 exd5 20. Bxf8 Bxh2+ 21. Kxh2 Kxf8 22. Qe5 Kg8 23. Rxd5 Nf4 24. Qxf4 Qxd5 25. Re7 Rd8 26. a3 Qh5+ 27. Kg3 Qd5 28. f3 Qd6 29. Rxf7 Qxf4+ 30. Rxf4 Rd2 31. Rb4 Kf7 32. b3 Ra2 33. a4 bxa4 34. bxa4 Kg7 1/2-1/2